00603 2200217 4500001002100000005001700021008004100038035002400079090002000103100003400123245005600157250001100213260002800224300001900252500002500271650003800296850001500334980001500349985000600364999001500370YOGYA-0209000004175120090227025814.0 ind  0010-020900000041751 a352bHam KlYOG aHAMENGKU BUWONO X, Sri Sultan aKumpulan makalahcoleh Sri Sultan Hamengku Buwono X aCet. 1 aYogakartab(s.n.)c2000 a328 hlmc30 cm aTermasuk bibliografi akepala daerah - Kumpulan sambutan aYOPDYOG(B) a06-13-2007 a1 a07A0022911